Návrh a realizácia informačného systému pre dochádzku v zbore väzenskej a justičnej stráže
Uložené v:
| Hlavný autor: | |
|---|---|
| Ďalší autori: | |
| Médium: | Rukopis Kniha |
| Jazyk: | Slovak |
| Vydavateľské údaje: |
2021
|
| Predmet: | |
| On-line prístup: | http://is.stuba.sk/zp/portal_zp.pl?podrobnosti=160166 |
| Tagy: |
Žiadne tagy, Buďte prvý, kto otaguje tento záznam!
|
MARC
| LEADER | 00000ntm a22000003a 4500 | ||
|---|---|---|---|
| 001 | stuzp82569 | ||
| 003 | SK-STU | ||
| 005 | 20210703211206.7 | ||
| 007 | ta | ||
| 008 | 150427s2015----xo-----f-mn---000-0-slo-d | ||
| 040 | |a STU |b slo | ||
| 041 | 0 | |a slo | |
| 100 | 1 | |a Krištek, Alexander |u 066000 |4 aut |U MTF Materiálovotechnologická fakulta |T MTF Ústav aplikovanej informatiky, automatizácie a mechatroniky |X 47158 |U M6000 |Y 86 |7 47158 | |
| 242 | 0 | 1 | |a Design and implementation of an information system for attendance in the prison and judicial guard |y eng |
| 245 | 1 | 0 | |a Návrh a realizácia informačného systému pre dochádzku v zbore väzenskej a justičnej stráže |
| 260 | |c 2021 | ||
| 650 | 4 | |a evidencia a štatistika neprítomnosti |2 slo | |
| 650 | 4 | |a informačný systém |2 slo | |
| 650 | 4 | |a UML |2 slo | |
| 650 | 4 | |a databáza MS SQL |2 slo | |
| 650 | 4 | |a C# |2 slo | |
| 650 | 4 | |a evidence and statistic of services |2 eng | |
| 650 | 4 | |a information system |2 eng | |
| 650 | 4 | |a UML |2 eng | |
| 650 | 4 | |a database MS SQL |2 eng | |
| 650 | 4 | |a C# |2 eng | |
| 700 | 1 | |a Juhásová, Bohuslava |u 066000 |k Z1 |4 ths |U MTF Materiálovotechnologická fakulta |T MTF Ústav aplikovanej informatiky, automatizácie a mechatroniky |X 201 |U M6000 |Y 86 |7 A000000201 | |
| 856 | 4 | |u http://is.stuba.sk/zp/portal_zp.pl?podrobnosti=160166 | |
| 996 | |c M* BP-9114 |l MMSKP |s P |a 0 |w stuzp82569_0001 | ||